Southville International School and Colleges
Your cart is empty.
  • Cart
  • Lists
    Public lists Eva Luna New books Lux_list list_1
    Your lists Log in to create your own lists
  • Log in to your account
  • Your cookies
  • Search history
Southville International School and Colleges
  • Advanced search
  • Recent comments
  • Most popular
  • Libraries

Log in to your account

Log in with GOOGLE


If you do not have an external account, but do have a local account, you can still log in:

  1. Home
  2. MARC view: PC assembling and troubleshooting /
Normal view MARC view ISBD view

PC assembling and troubleshooting / (Record no. 288804)

[ view plain ]
MARC details
000 -LEADER
fixed length control field 00409nam a22001457a 4500
003 - CONTROL NUMBER IDENTIFIER
control field PILC
005 - DATE AND TIME OF LATEST TRANSACTION
control field 20151005120249.0
008 - FIXED-LENGTH DATA ELEMENTS--GENERAL INFORMATION
fixed length control field 151005b xxu||||| |||| 00| 0 eng d
020 ## - INTERNATIONAL STANDARD BOOK NUMBER
International Standard Book Number 9789351155157
050 ## - LIBRARY OF CONGRESS CALL NUMBER
Classification number QA 76.9.V5
Item number .P348 2015
245 ## - TITLE STATEMENT
Title PC assembling and troubleshooting /
260 ## - PUBLICATION, DISTRIBUTION, ETC. (IMPRINT)
Name of publisher, distributor, etc 3G elearning,
Date of publication, distribution, etc 2015.
300 ## - PHYSICAL DESCRIPTION
Extent v, 260 pages :
Other physical details illustrations ;
Dimensions 24 cm. +
Accompanying material 1 DVD.
942 ## - ADDED ENTRY ELEMENTS (KOHA)
Source of classification or shelving scheme Library of Congress Classification
Koha item type Books
Call number prefix Foreign
Holdings
Withdrawn status Lost status Source of classification or shelving scheme Damaged status Home library Current library Shelving location Date acquired Source of acquisition Total Checkouts Full call number Barcode Date last seen Price effective from Koha item type
    Library of Congress Classification   College Library College Library Reserve Section 10/05/2015 Library Fund   QA 76.9.V5 .P348 2015 C20108 05/15/2018 10/05/2015 Books

PC assembling and troubleshooting /

APA

(2015). PC assembling and troubleshooting. : 3G elearning.

Chicago

2015. PC assembling and troubleshooting. : 3G elearning.

Harvard

(2015). PC assembling and troubleshooting. : 3G elearning.

MLA

PC assembling and troubleshooting. : 3G elearning. 2015.

  • Place hold
  • Print
  • Cite
  • Add to your cart (remove)
  • Save record
    BIBTEX Dublin Core MARCXML MARC (non-Unicode/MARC-8) MARC (Unicode/UTF-8) MARC (Unicode/UTF-8, Standard) MODS (XML) RIS
  • More searches
    Search for this title in:
    Other Libraries (WorldCat) Other Databases (Google Scholar) Online Stores (Bookfinder.com) Open Library (openlibrary.org)

Exporting to Dublin Core...

SOUTHVILLE LIBRARY

Southville International School and Colleges Library

1281 Tropical Ave. Cor. Luxembourg St., BF Homes International, Las Pinas City

Tel. No. 8256374 / 252358 Loc. 117/146

Powered by Koha